000 00700nam a2200181Ia 4500
008 100917s9999 xx 000 0 und d
082 _b41850
100 _aपोद्यार हनुमान प्रसाद
245 _aअसीम नीचता और असिम साधुता भा 7वा
260 _bगीता प्रेस
_c---
300 _a130
365 _b0.5
520 _aबालविभाग
630 _aअसीम नीचता और असिम साधुता भा 7वा
650 _aबालविभाग
730 _aअसीम नीचता और असिम साधुता भा 7वा
942 _cBOOK
999 _c647244
_d647241